000 00820nac a22002171u 4500
082 _a603
090 _c3662
_d3662
100 _a20080729
245 _aTechnical Dictionary:Machine Tools /
260 _aCairo:
_bAl Ahram, 1977.
_cC.1977.
300 _a190,107p:
_bill;
_c19cm.
500 _aTitle In English, French, German and Arabic.
650 _aTechnology--Dictionaries.
650 _aEnglish language--Dictionaries--French.
650 _aEnglish language--Dictionaries--German.
650 _aArabic language--Dictionaries--English.
650 _aArabic language--Dictionaries--French.
650 _aArabic language--Dictionaries--German.
942 _cNB
_k603
999 _c3662
_d3662